Estimation of the Trade Elasticities in Slovakia

Odhad elasticity v medzinárodnom obchode používanej vo všeobecných rovnovážnych modeloch ekonomiky Slovenska.

Uložené v:
Podrobná bibliografia
Hlavný autor: Priesol, Richard
Médium: Kapitola
Jazyk:English
Predmet:
Tagy: Pridať tag
Žiadne tagy, Buďte prvý, kto otaguje tento záznam!

MARC

LEADER 00000naa a2200000 4500
001 0252949
005 20221104110200.6
041 0 |a eng 
044 |a SK 
245 1 0 |a Estimation of the Trade Elasticities in Slovakia  |c Richard Priesol 
520 |a Odhad elasticity v medzinárodnom obchode používanej vo všeobecných rovnovážnych modeloch ekonomiky Slovenska. 
610 2 0 |a obchod medzinárodný 
610 2 0 |a Slovensko 
610 2 0 |a funkcie produkčné 
610 2 0 |a rovnováha 
100 1 |a Priesol, Richard